000 01242cas a2200409 4500
001 293
003 BD-RjUL
005 20211208233142.0
008 131117c19779999bg x p 0 a0eng
030 _aJBACDF
035 _a(OCoLC)ocm04686979
035 _a(BD-RjUL)310
037 _bEditor, Journal of Bangladesh Academy of Sciences, Dept. of Chemistry, Dacca University, Dacca-2, Bangladesh
040 _aDLC
_cDLC
_dNSDP
_dOCoLC
_dAIP
_dNSDP
_dNST
_dNSDP
_dOCoLC
_dBD-RjUL
041 _aneg
042 _apcc
_ansdp
082 _a505
_219
_bBAS 1977
110 2 _aBangladesh Academy of Sciences.
_9943
245 1 0 _aJournal of Bangladesh Academy of Sciences.
260 _aDacca :
_bBangladesh Academy of Sciences,
_c1977-
300 _av. ;
_c25 cm.
510 2 _aChemical abstracts
_x0009-2258
650 0 _aScience.
_vPeriodicals
_9944
906 _a7
_bcbc
_cserials
_d4
_encip
_f19
_gn-oclcserc
936 _av. 1, no. 1
942 _2ddc
_cCR
999 _c293
_d293